000 01135nam a2200301 a 4500
008
020 _a0750624035 (pbk)
049 _aMAIN
090 _aTJ 163.12
100 1 _aJohnson, Jeffrey
245 1 0 _aDesigning intelligent machines.
_nVolume 2,
_pConcepts in artificial intelligence /
_cJeffrey Johnson and Philip Picton.
260 _aOxford :
_bButterworth-Heinemann in association with the Open University,
_cc1995.
300 _axv, 376 p. :
_bill. ;
_c25 cm.
500 _aIncludes index.
504 _aIncludes bibliographic references.
650 0 _aMechatronics
_xStudy and teaching.
650 0 _aArtificial intelligence.
650 0 _aEngineering design.
700 1 _aPicton, Philip.
710 2 _aOpen University.
740 _aMechatronics :
_bDesigning intelligent machines, volume 2 : concepts in artificial intelligence.
740 _aConcepts in artificial intelligence :
_bDesigning intelligent machines, volume 2.
907 _a.b10087990
_b05-10-05
_c05-09-03
003
005 20230123134120.0
040 _cNUST
942 _cBOOKS
_kTJ 163.12
999 _c160313
_d160313